Latin American economic outlook 2008.

Bibliographic Details
Corporate Author: Organisation for Economic Co-operation and Development
Format: Book
Language:English
Published: Paris : OECD, [2007]
Subjects:

MARC

Tag First Indicator Second Indicator Subfields
LEADER 00000cam a2200000Ia 4500
001 in00002380997
005 20151109042659.0
008 070912s2007 fr a b i000 0 eng d
020 |a 9789264038264 
020 |a 9264038264 
035 |a (OCoLC)ocn171111709 
035 |a (OCoLC)171111709 
040 |a YDXCP  |c YDXCP  |d BTCTA  |d BAKER  |d NTE  |d UGX  |d IXA  |d TXA  |d UtOrBLW 
049 |a TXAM 
050 4 |a HC123  |b .L38 2007 
245 0 0 |a Latin American economic outlook 2008. 
264 1 |a Paris :  |b OECD,  |c [2007] 
264 4 |c ©2007 
300 |a 188 pages :  |b illustrations ;  |c 27 cm. 
336 |a text  |b txt  |2 rdacontent 
337 |a unmediated  |b n  |2 rdamedia 
338 |a volume  |b nc  |2 rdacarrier 
504 |a Includes bibliographical references (pages 183-186). 
650 0 |a Economic forecasting  |z Latin America. 
651 0 |a Latin America  |x Economic conditions. 
651 0 |a Latin America  |x Economic policy. 
651 4 |a Hispanoamérica  |x Condiciones económicas. 
710 2 |a Organisation for Economic Co-operation and Development. 
938 |a Baker and Taylor  |b BTCP  |n BK0007319837 
938 |a Baker & Taylor  |b BKTY  |c 65.00  |d 65.00  |i 9264033084  |n 0007319837  |s active 
938 |a Baker & Taylor  |b BKTY  |c 65.00  |d 65.00  |i 9264038264  |n 0007547847  |s active 
938 |a YBP Library Services  |b YANK  |n 2746251 
945 |a PromptCat  |b 386326 
946 |a stk 
947 |a A14836856583 
948 |a cataloged  |b h  |c 2008/4/18  |d c  |e tchubaryan  |f 4:36:31 pm 
994 |a C0  |b TXA 
999 |a MARS 
999 f f |s 455a8196-a46e-3e16-b4ef-faacba6938c7  |i 5b513103-0ced-3ccf-a8a3-25f067126e85  |t 0 
952 f f |p ric  |a Texas A&M University  |b Rellis Campus  |c Joint Library Facility  |d Remote Storage  |t 0  |e HC123 .L38 2007  |h Library of Congress classification  |i unmediated -- volume  |m A14836856583 
998 f f |a HC123 .L38 2007  |t 0  |l Remote Storage